[Event "Paul Keres mem (22nd)"]
[Site "Vancouver CAN"]
[Date "1997.05.16"]
[Round "1.2"]
[White "Wu, Howard"]
[Black "Vetemaa, Juri"]
[Result "0-1"]
[WhiteElo "2084"]
[BlackElo "2532"]
[PlyCount "86"]
[GameId "2160767911965876"]
[EventDate "1997.05.16"]
[EventType "swiss"]
[EventRounds "7"]
[EventCountry "CAN"]

1. g3 e5 2. Bg2 d5 3. c4 d4 4. d3 c5 5. Nf3 Nc6 6. O-O Nf6 7. e3 Be7 8. exd4 exd4 9. Bg5 O-O 10. a3 h6 11. Bxf6 Bxf6 12. Nfd2 Be7 13. Re1 Be6 14. Ne4 Qd7 15. Nbd2 Rae8 16. Nb3 b6 17. f4 f5 18. Ned2 Bf7 19. Qf3 Nd8 20. Re2 Bf6 21. Rae1 Re3 22. Rxe3 dxe3 23. Rxe3 Bxb2 24. Qe2 Re8 25. Rxe8+ Qxe8 26. Qxe8+ Bxe8 27. Bd5+ Kf8 28. Nb1 Ba4 29. N3d2 Bc2 30. Kf2 Bxd3 31. Ke3 Bc2 32. Ke2 Ke7 33. Ke3 Kd6 34. h3 a5 35. g4 g6 36. Bg8 Ke7 37. Bd5 Ne6 38. gxf5 gxf5 39. Kf3 Nd4+ 40. Kg3 a4 41. Kh4 Kf6 42. Kg3 Nb3 43. Nxb3 axb3 0-1

[Event "Paul Keres mem (22nd)"]
[Site "Vancouver CAN"]
[Date "1997.05.16"]
[Round "1.4"]
[White "Harris, Philip"]
[Black "Yoos, John"]
[Result "0-1"]
[WhiteElo "2006"]
[BlackElo "2414"]
[PlyCount "70"]
[GameId "2160767911965878"]
[EventDate "1997.05.16"]
[EventType "swiss"]
[EventRounds "7"]
[EventCountry "CAN"]

1. d4 g6 2. e4 Bg7 3. Nc3 d6 4. Nf3 Nf6 5. h3 O-O 6. Be3 c6 7. a4 Nbd7 8. Bd3 e5 9. O-O Qe7 10. Qd2 Rd8 11. Rfe1 Nf8 12. a5 Qc7 13. Ra3 Bd7 14. Bf1 Ne6 15. b4 Bf8 16. Rb3 Re8 17. d5 cxd5 18. Nxd5 Nxd5 19. exd5 Ng7 20. c4 Nf5 21. Bg5 Bg7 22. g4 Ne7 23. Nh4 f5 24. Rg3 f4 25. Rb3 Nc8 26. Bxf4 exf4 27. Rxe8+ Bxe8 28. Qxf4 b6 29. a6 Bf7 30. Nf3 b5 31. cxb5 Nb6 32. Ng5 Bxd5 33. Rb1 h6 34. Ne4 Qc2 35. Re1 Rf8 0-1

[Event "Paul Keres mem (22nd)"]
[Site "Vancouver CAN"]
[Date "1997.05.16"]
[Round "1.5"]
[White "Ross, Paul"]
[Black "Neufeld, John"]
[Result "1-0"]
[WhiteElo "2327"]
[BlackElo "2005"]
[PlyCount "61"]
[GameId "2160767911965879"]
[EventDate "1997.05.16"]
[EventType "swiss"]
[EventRounds "7"]
[EventCountry "CAN"]

1. d4 Nf6 2. Nf3 g6 3. c4 Bg7 4. Nc3 O-O 5. e4 d6 6. Be2 e5 7. O-O Nc6 8. d5 Ne7 9. b4 h6 10. Nd2 Ne8 11. c5 f5 12. f3 f4 13. Nc4 g5 14. a4 Ng6 15. Ba3 h5 16. a5 Rf7 17. b5 Bf8 18. b6 axb6 19. cxb6 cxb6 20. axb6 Rh7 21. Bb4 Rxa1 22. Qxa1 g4 23. Qa8 g3 24. h3 Qd7 25. Rc1 Nh4 26. Bf1 Nc7 27. bxc7 Qxc7 28. Nb5 Qd8 29. Ba5 Qg5 30. Qxc8 Nxf3+ 31. gxf3 1-0

[Event "Paul Keres mem (22nd)"]
[Site "Vancouver CAN"]
[Date "1997.05.16"]
[Round "1.6"]
[White "Chapman, Erik"]
[Black "Wright, Stephen"]
[Result "1-0"]
[WhiteElo "1998"]
[BlackElo "2298"]
[PlyCount "91"]
[GameId "2160767911965880"]
[EventDate "1997.05.16"]
[EventType "swiss"]
[EventRounds "7"]
[EventCountry "CAN"]

1. f4 d5 2. Nf3 Nf6 3. b3 g6 4. Bb2 Bg7 5. d3 O-O 6. Nbd2 c5 7. e3 Nc6 8. c4 d4 9. exd4 cxd4 10. h3 Nh5 11. Ne4 f5 12. Nf2 Ng3 13. Rg1 e5 14. fxe5 Nxe5 15. Qd2 Nxf3+ 16. gxf3 Re8+ 17. Kd1 Qh4 18. Kc2 Bh6 19. Qa5 Be3 20. Re1 Nxf1 21. Rgxf1 Qf4 22. Nd1 b6 23. Qd5+ Be6 24. Qb7 Qb8 25. Qxb8 Raxb8 26. Nxe3 dxe3 27. Rxe3 Rbc8 28. Rfe1 Bd7 29. Re7 Bc6 30. f4 h5 31. h4 a6 32. Bd4 b5 33. Kc3 Rcd8 34. Rg7+ Kf8 35. Rxe8+ Bxe8 36. Ra7 b4+ 37. Kxb4 Rxd4 38. Kc5 Rxd3 39. Rxa6 Bf7 40. Rd6 Rh3 41. b4 Rxh4 42. Rd4 Rh3 43. b5 Ra3 44. b6 Rxa2 45. b7 Rb2 46. Rd8+ 1-0

[Event "Paul Keres mem (22nd)"]
[Site "Vancouver CAN"]
[Date "1997.05.16"]
[Round "1.7"]
[White "Adam, Valerian"]
[Black "Cabanas, Francisco"]
[Result "1-0"]
[WhiteElo "2276"]
[BlackElo "1985"]
[PlyCount "67"]
[GameId "2160767911965881"]
[EventDate "1997.05.16"]
[EventType "swiss"]
[EventRounds "7"]
[EventCountry "CAN"]

1. e4 d5 2. exd5 Nf6 3. d4 Nxd5 4. Nf3 Bg4 5. Be2 g6 6. O-O Bg7 7. h3 Bxf3 8. Bxf3 c6 9. c3 O-O 10. Nd2 Nd7 11. Nc4 Qc7 12. Re1 Rfe8 13. a4 e5 14. dxe5 Nxe5 15. Bxd5 cxd5 16. Nxe5 Rxe5 17. Rxe5 Qxe5 18. Be3 Qe4 19. Qb3 b6 20. a5 bxa5 21. Qb7 Re8 22. Rxa5 Be5 23. Ra1 Rb8 24. Qxa7 Rxb2 25. Rf1 Kg7 26. Bd4 Bxd4 27. Qxd4+ Qxd4 28. cxd4 Rd2 29. Ra1 Rxd4 30. Kf1 Rc4 31. Ke2 Rc2+ 32. Ke3 Kf6 33. Ra6+ Ke5 34. f4+ 1-0

[Event "Paul Keres mem (22nd)"]
[Site "Vancouver CAN"]
[Date "1997.05.16"]
[Round "1.8"]
[White "Higgs, Ian"]
[Black "Skulsky, Ian"]
[Result "1-0"]
[WhiteElo "1950"]
[BlackElo "2259"]
[PlyCount "53"]
[GameId "2160767911965882"]
[EventDate "1997.05.16"]
[EventType "swiss"]
[EventRounds "7"]
[EventCountry "CAN"]

1. e4 e6 2. d4 a6 3. Nf3 b5 4. Bd3 Bb7 5. O-O c5 6. dxc5 Bxc5 7. Bf4 Nf6 8. Nbd2 h6 9. Qe2 Nc6 10. c3 d5 11. Rad1 Qb6 12. h3 O-O 13. e5 Nd7 14. Bb1 f5 15. exf6 Rxf6 16. Nb3 Be7 17. Be3 Qc7 18. Qd3 Nf8 19. Nc5 Bc8 20. b4 Kh8 21. Rfe1 Bd7 22. Bd4 Nxd4 23. cxd4 Bd6 24. Ne5 Be8 25. Ng4 Rg6 26. Qc3 Bf4 27. Qf3 1-0

[Event "Paul Keres mem (22nd)"]
[Site "Vancouver CAN"]
[Date "1997.05.16"]
[Round "1.10"]
[White "Kalef, Justin"]
[Black "Ferguson, Jim"]
[Result "0-1"]
[WhiteElo "1866"]
[BlackElo "2231"]
[PlyCount "80"]
[GameId "2160767911965883"]
[EventDate "1997.05.16"]
[EventType "swiss"]
[EventRounds "7"]
[EventCountry "CAN"]

1. e4 e6 2. d4 d5 3. Nc3 Bb4 4. Nge2 dxe4 5. a3 Be7 6. Nxe4 Nf6 7. N2c3 O-O 8. g3 b6 9. Bg2 c6 10. O-O Bb7 11. Qe2 Ba6 12. Qd1 Bxf1 13. Qxf1 Qc8 14. Bf4 Nd5 15. Ne2 Nxf4 16. Nxf4 Nd7 17. Qc4 b5 18. Qc3 Nb6 19. Nd3 Nd5 20. Qd2 a5 21. b3 b4 22. a4 Qc7 23. f4 Rad8 24. Ne5 c5 25. c4 bxc3 26. Nxc3 Nxc3 27. Qxc3 Rxd4 28. Nc6 Bf6 29. Qxa5 Qd6 30. Qe1 Rd2 31. Rb1 Rxg2+ 32. Kxg2 Qxc6+ 33. Kh3 Rd8 34. b4 Qxa4 35. bxc5 h5 36. Qe2 h4 37. Rc1 hxg3 38. hxg3 Qc6 39. Qg2 Rd5 40. Kg4 Rg5+ 0-1

[Event "Paul Keres mem (22nd)"]
[Site "Vancouver CAN"]
[Date "1997.05.16"]
[Round "1.11"]
[White "Milicevic, Dragoljub"]
[Black "Spicer, Christopher"]
[Result "1-0"]
[WhiteElo "2230"]
[BlackElo "1853"]
[PlyCount "59"]
[GameId "2160767911965884"]
[EventDate "1997.05.16"]
[EventType "swiss"]
[EventRounds "7"]
[EventCountry "CAN"]

1. c4 e5 2. g3 g6 3. Bg2 Bg7 4. Nc3 d6 5. d3 f5 6. Nf3 Nf6 7. Bg5 c6 8. e4 a5 9. h3 Na6 10. O-O O-O 11. Qd2 Nc5 12. Rae1 Rb8 13. Nh4 Bd7 14. Be3 Ne8 15. exf5 gxf5 16. f4 b6 17. b3 exf4 18. Rxf4 Be5 19. Rf3 Ng7 20. d4 Bxg3 21. Rxg3 Qxh4 22. Qf2 Qf6 23. dxc5 f4 24. Ne4 Qe5 25. Rxg7+ Qxg7 26. Bd4 Qg6 27. Kh2 dxc5 28. Ba1 Rbd8 29. Bf3 Bf5 30. Rg1 1-0

[Event "Paul Keres mem (22nd)"]
[Site "Vancouver CAN"]
[Date "1997.05.16"]
[Round "1.13"]
[White "Seid, Hee"]
[Black "Holubowicz, Kazimiercz"]
[Result "1-0"]
[WhiteElo "2198"]
[BlackElo "1764"]
[PlyCount "75"]
[GameId "2160767911965886"]
[EventDate "1997.05.16"]
[EventType "swiss"]
[EventRounds "7"]
[EventCountry "CAN"]

1. d4 d5 2. Nf3 Bf5 3. c4 e6 4. Nc3 c6 5. e3 Nf6 6. Bd2 Bd6 7. cxd5 exd5 8. Be2 Nbd7 9. O-O Ne4 10. Nxe4 dxe4 11. Ne1 Qh4 12. g3 Qh6 13. Qb3 O-O-O 14. Rc1 Nb6 15. Ba5 Bc7 16. Ng2 g5 17. a3 Rd6 18. Rfd1 Qh3 19. Bf1 Rh6 20. Nh4 Qg4 21. h3 Qh5 22. Nxf5 g4 23. Nxh6 Qxh6 24. Bxb6 axb6 25. Qxf7 gxh3 26. Qf5+ Kb8 27. Qxh3 Qf6 28. b4 Rf8 29. Rc2 Rg8 30. Bg2 Rg6 31. Qxh7 Rh6 32. Qxe4 Rh8 33. b5 Qh6 34. Rdc1 Qh2+ 35. Kf1 Bxg3 36. fxg3 Rf8+ 37. Ke2 Qxg3 38. Qe5+ 1-0

[Event "Paul Keres mem (22nd)"]
[Site "Vancouver CAN"]
[Date "1997.05.16"]
[Round "1.14"]
[White "Long, Hugh"]
[Black "Neufahrt, Gerhard"]
[Result "0-1"]
[WhiteElo "1735"]
[BlackElo "2172"]
[PlyCount "110"]
[GameId "2160767911965887"]
[EventDate "1997.05.16"]
[EventType "swiss"]
[EventRounds "7"]
[EventCountry "CAN"]

1. d4 g6 2. c4 Bg7 3. e4 c5 4. d5 d6 5. Nc3 Nh6 6. Nf3 O-O 7. Be2 f5 8. exf5 Bxf5 9. O-O Nf7 10. Bf4 Nd7 11. Qd2 Nde5 12. Nxe5 Nxe5 13. Bh6 Bxh6 14. Qxh6 Qd7 15. f3 Nf7 16. Qd2 g5 17. Ne4 h6 18. Ng3 Bg6 19. Bd3 Bxd3 20. Qxd3 Ne5 21. Qc3 b5 22. cxb5 Qxb5 23. Rae1 c4 24. Rxe5 dxe5 25. Qxe5 Qb6+ 26. Kh1 Qf6 27. Qe2 Rac8 28. Nh5 Qg6 29. Ng3 Qf7 30. Rd1 Rfd8 31. Qe4 e6 32. d6 Rc5 33. Qc2 Rd5 34. Ne4 Qg6 35. Rc1 R8xd6 36. h3 Rd8 37. Qxc4 Rd1+ 38. Rxd1 Rxd1+ 39. Kh2 Qf7 40. Qc8+ Kg7 41. Qc3+ Kf8 42. Qc8+ Qe8 43. Qc5+ Qe7 44. Qe5 Kf7 45. b4 Rd5 46. Qb8 h5 47. Qh8 Qc7+ 48. Ng3 Qe5 49. Qxh5+ Kg7 50. Qe8 Qd6 51. b5 Rd1 52. a4 Ra1 53. f4 Qxf4 54. Qe7+ Kh8 55. Qxa7 Ra3 0-1

[Event "Paul Keres mem (22nd)"]
[Site "Vancouver CAN"]
[Date "1997.05.17"]
[Round "2.1"]
[White "Kostadinov, George"]
[Black "Orlov, Georgi"]
[Result "0-1"]
[WhiteElo "2182"]
[BlackElo "2598"]
[PlyCount "54"]
[GameId "2160767911965888"]
[EventDate "1997.05.16"]
[EventType "swiss"]
[EventRounds "7"]
[EventCountry "CAN"]

1. d4 Nf6 2. Nc3 d5 3. Bg5 c5 4. Bxf6 gxf6 5. e3 cxd4 6. Qxd4 e6 7. Nf3 Nc6 8. Bb5 Bd7 9. Qf4 a6 10. Ba4 Bg7 11. Rd1 f5 12. O-O O-O 13. Ne2 b5 14. Bb3 Bxb2 15. c3 Qf6 16. Qd6 Qe7 17. Qg3+ Kh8 18. Rd2 Ba3 19. Rfd1 Rg8 20. Qh3 Qf6 21. Ned4 Rg4 22. Qh5 Ne7 23. Ne2 Bd6 24. Rd4 e5 25. R4d2 Be6 26. Bc2 e4 27. Nfd4 Rh4 0-1

[Event "Paul Keres mem (22nd)"]
[Site "Vancouver CAN"]
[Date "1997.05.17"]
[Round "2.2"]
[White "Vetemaa, Juri"]
[Black "Milicevic, Dragoljub"]
[Result "1-0"]
[WhiteElo "2532"]
[BlackElo "2230"]
[PlyCount "57"]
[GameId "2160767911965889"]
[EventDate "1997.05.16"]
[EventType "swiss"]
[EventRounds "7"]
[EventCountry "CAN"]

1. e4 d5 2. exd5 Nf6 3. d4 Nxd5 4. c4 Nb6 5. Be3 e5 6. Nf3 exd4 7. Qxd4 Bb4+ 8. Nc3 Qxd4 9. Bxd4 O-O 10. a3 Re8+ 11. Kd2 Bxc3+ 12. Kxc3 c5 13. Be3 Bg4 14. b3 N6d7 15. Rd1 a5 16. h3 Bxf3 17. gxf3 Re7 18. Bxc5 Re8 19. Be3 Ne5 20. f4 Nec6 21. Bg2 g6 22. Rd5 Re7 23. Rhd1 Kg7 24. f5 f6 25. h4 Ne5 26. Rd8 Rc7 27. Bd5 Nf7 28. Bxf7 Rxf7 29. Bf4 1-0

[Event "Paul Keres mem (22nd)"]
[Site "Vancouver CAN"]
[Date "1997.05.17"]
[Round "2.4"]
[White "Yoos, John"]
[Black "Seid, Hee"]
[Result "1-0"]
[WhiteElo "2414"]
[BlackElo "2198"]
[PlyCount "57"]
[GameId "2160767911965891"]
[EventDate "1997.05.16"]
[EventType "swiss"]
[EventRounds "7"]
[EventCountry "CAN"]

1. e4 c5 2. Nf3 d6 3. d4 cxd4 4. Nxd4 Nf6 5. Nc3 a6 6. Bg5 e6 7. f4 Be7 8. Qd3 h6 9. Bh4 O-O 10. O-O-O Nbd7 11. Be2 Nc5 12. Qe3 Qc7 13. Bf3 Re8 14. Kb1 Nfxe4 15. Nxe4 Bxh4 16. Nxd6 Rf8 17. g4 Bf6 18. g5 hxg5 19. fxg5 Be7 20. Ne4 Nxe4 21. Bxe4 Qc5 22. g6 e5 23. gxf7+ Rxf7 24. Qb3 exd4 25. Bg6 Bg4 26. Qxf7+ Kh8 27. Rde1 Bf8 28. Rhf1 Qd6 29. Re8 1-0

[Event "Paul Keres mem (22nd)"]
[Site "Vancouver CAN"]
[Date "1997.05.17"]
[Round "2.5"]
[White "Chapman, Erik"]
[Black "Ross, Paul"]
[Result "0-1"]
[WhiteElo "1998"]
[BlackElo "2327"]
[PlyCount "84"]
[GameId "2160767911965892"]
[EventDate "1997.05.16"]
[EventType "swiss"]
[EventRounds "7"]
[EventCountry "CAN"]

1. f4 d5 2. Nf3 Nf6 3. b3 Bg4 4. e3 h5 5. h3 Bxf3 6. gxf3 e6 7. d4 Ng8 8. Qd2 Be7 9. Ba3 Bh4+ 10. Kd1 Be7 11. c3 Nd7 12. Rg1 g6 13. Bd3 a6 14. Qg2 Bxa3 15. Nxa3 Qf6 16. Qg5 c5 17. Kd2 Qe7 18. Qxe7+ Nxe7 19. e4 cxd4 20. cxd4 Nc6 21. Nc2 Nf6 22. Ke3 Ke7 23. f5 gxf5 24. exf5 e5 25. Rae1 Kd6 26. dxe5+ Nxe5 27. Rd1 Rac8 28. Rg2 Rhe8 29. Kf4 Rc3 30. Ne1 h4 31. Rg7 Nh5+ 32. Kg5 Nxg7 33. Be4 Kc7 34. Bxd5 Rd8 35. Kf6 Nd7+ 36. Kxg7 Nb6 37. Kxf7 Rxd5 38. Rxd5 Nxd5 39. Ke6 Re3+ 40. Kxd5 Rxe1 41. f6 Kd7 42. Kc5 Re6 0-1

[Event "Paul Keres mem (22nd)"]
[Site "Vancouver CAN"]
[Date "1997.05.17"]
[Round "2.6"]
[White "Higgs, Ian"]
[Black "Adam, Valerian"]
[Result "0-1"]
[WhiteElo "1950"]
[BlackElo "2276"]
[PlyCount "86"]
[GameId "2160767911965893"]
[EventDate "1997.05.16"]
[EventType "swiss"]
[EventRounds "7"]
[EventCountry "CAN"]

1. e4 g6 2. d4 d6 3. Nc3 Bg7 4. Be3 Nf6 5. Be2 O-O 6. h3 c6 7. Qd2 Qa5 8. Bd3 Nbd7 9. Nge2 e5 10. O-O Re8 11. Rab1 Qc7 12. a4 a6 13. b4 exd4 14. Nxd4 c5 15. bxc5 dxc5 16. Bf4 Qd8 17. Nf3 b6 18. Nd5 Nxd5 19. exd5 Nf6 20. c4 Ne4 21. Qc2 Nc3 22. Rbe1 Bd7 23. Be5 Nxa4 24. Bxg7 Kxg7 25. Ne5 b5 26. Nc6 Qf6 27. cxb5 axb5 28. Bxb5 Nc3 29. Bc4 Bf5 30. Qb3 Rxe1 31. Rxe1 Ne4 32. Qe3 Ra4 33. Rc1 Qb2 34. f3 Ra3 35. Qe1 Nf6 36. Qf1 h5 37. h4 Qd2 38. Qe1 Qf4 39. Kf1 Qh2 40. Qf2 Qf4 41. Re1 Re3 42. Re2 Rxf3 43. gxf3 Qxc4 0-1

[Event "Paul Keres mem (22nd)"]
[Site "Vancouver CAN"]
[Date "1997.05.17"]
[Round "2.7"]
[White "Ferguson, Jim"]
[Black "Berg, Michael"]
[Result "1-0"]
[WhiteElo "2231"]
[BlackElo "1500"]
[PlyCount "67"]
[GameId "2160767911965894"]
[EventDate "1997.05.16"]
[EventType "swiss"]
[EventRounds "7"]
[EventCountry "CAN"]

1. d4 Nf6 2. c4 e6 3. Nc3 Bb4 4. Bg5 d5 5. e3 h6 6. Bh4 g5 7. Bg3 Ne4 8. Qc2 h5 9. f3 Nxg3 10. hxg3 Nc6 11. O-O-O Bxc3 12. Qxc3 a5 13. Bd3 Nb4 14. Bb1 Qd6 15. Ne2 Bd7 16. a3 Nc6 17. e4 O-O-O 18. cxd5 exd5 19. e5 Qe7 20. Qe3 f6 21. f4 Bg4 22. Rde1 Rhe8 23. Nc3 Qf7 24. Rhf1 gxf4 25. gxf4 f5 26. Na4 b6 27. Bd3 Na7 28. Ba6+ Kb8 29. Qb3 Qe6 30. Kb1 Ka8 31. Rc1 Rb8 32. Rxc7 b5 33. Nc5 Qb6 34. Qxd5+ 1-0

[Event "Paul Keres mem (22nd)"]
[Site "Vancouver CAN"]
[Date "1997.05.17"]
[Round "2.9"]
[White "Wright, Stephen"]
[Black "Bronstein, Samuel"]
[Result "1/2-1/2"]
[WhiteElo "2298"]
[BlackElo "1635"]
[PlyCount "99"]
[GameId "2160767911965895"]
[EventDate "1997.05.16"]
[EventType "swiss"]
[EventRounds "7"]
[EventCountry "CAN"]

1. g3 d5 2. Bg2 Nf6 3. Nf3 c6 4. O-O Nbd7 5. d3 e5 6. Nbd2 Bd6 7. e4 O-O 8. Re1 Re8 9. c3 b6 10. Nf1 Bb7 11. Bg5 h6 12. Bxf6 Nxf6 13. Qc2 dxe4 14. dxe4 Qc7 15. a4 c5 16. N3d2 Rad8 17. Ne3 Bf8 18. f3 Bc8 19. Bf1 a6 20. Red1 Re6 21. Bc4 Red6 22. Nd5 Nxd5 23. Bxd5 b5 24. axb5 axb5 25. c4 b4 26. Ra8 Ra6 27. Ra1 Rxa1+ 28. Rxa1 Rd6 29. Ra8 Ra6 30. Rxa6 Bxa6 31. Qa4 Qd6 32. Qe8 Qe7 33. Qa8 Qd6 34. Nf1 Bxc4 35. Ne3 Bxd5 36. exd5 Qf6 37. Kg2 e4 38. fxe4 Qxb2+ 39. Kf3 Qf6+ 40. Kg2 g6 41. Qb8 Qd6 42. Qxd6 Bxd6 43. Nc4 b3 44. Kf2 Be5 45. Ke2 b2 46. Na3 c4 47. Kd2 Kf8 48. Kc2 c3 49. Nc4 f6 50. Nxe5 1/2-1/2

[Event "Paul Keres mem (22nd)"]
[Site "Vancouver CAN"]
[Date "1997.05.17"]
[Round "2.10"]
[White "Skulsky, Ian"]
[Black "Cabanas, Francisco"]
[Result "1-0"]
[WhiteElo "2259"]
[BlackElo "1985"]
[PlyCount "29"]
[GameId "2160767911965896"]
[EventDate "1997.05.16"]
[EventType "swiss"]
[EventRounds "7"]
[EventCountry "CAN"]

1. c4 f5 2. Nf3 Nf6 3. g3 b6 4. Bg2 Bb7 5. O-O e6 6. Nc3 Be7 7. d4 O-O 8. d5 exd5 9. Nd4 Ne4 10. Nxd5 Nc6 11. Nxf5 Rxf5 12. Bxe4 Re5 13. Qd3 Rh5 14. Bf4 d6 15. Qf3 1-0

[Event "Paul Keres mem (22nd)"]
[Site "Vancouver CAN"]
[Date "1997.05.17"]
[Round "2.11"]
[White "Haukenfrers, Dale"]
[Black "Kalef, Justin"]
[Result "1-0"]
[WhiteElo "2141"]
[BlackElo "1866"]
[PlyCount "55"]
[GameId "2160767911965897"]
[EventDate "1997.05.16"]
[EventType "swiss"]
[EventRounds "7"]
[EventCountry "CAN"]

1. e4 e5 2. Nf3 Nc6 3. Bb5 a6 4. Ba4 Nf6 5. O-O Be7 6. Re1 b5 7. Bb3 O-O 8. a4 Bb7 9. Nc3 b4 10. Nd5 d6 11. c3 bxc3 12. bxc3 h6 13. d4 Re8 14. a5 exd4 15. cxd4 Na7 16. Nxf6+ Bxf6 17. Bxf7+ Kxf7 18. Qb3+ d5 19. Qxb7 dxe4 20. Rxe4 Rxe4 21. Qxe4 c6 22. Be3 Qd5 23. Ne5+ Ke6 24. Qg6 Ke7 25. Re1 Rf8 26. Bd2 Nb5 27. Bb4+ Nd6 28. Nc4+ 1-0

[Event "Paul Keres mem (22nd)"]
[Site "Vancouver CAN"]
[Date "1997.05.17"]
[Round "2.12"]
[White "Spicer, Christopher"]
[Black "Wu, Howard"]
[Result "1-0"]
[WhiteElo "1853"]
[BlackElo "2084"]
[PlyCount "35"]
[GameId "2160767911965898"]
[EventDate "1997.05.16"]
[EventType "swiss"]
[EventRounds "7"]
[EventCountry "CAN"]

1. e4 c6 2. d4 d5 3. e5 Bf5 4. h4 h5 5. c4 e6 6. Nc3 Nd7 7. Bg5 Qa5 8. Nge2 dxc4 9. Ng3 Bg6 10. Bxc4 Bb4 11. Qb3 Ne7 12. O-O Nf5 13. Bxe6 Nxd4 14. Bxd7+ Kxd7 15. Rad1 c5 16. a3 Bxa3 17. Qxb7+ Qc7 18. Qd5+ 1-0

[Event "Paul Keres mem (22nd)"]
[Site "Vancouver CAN"]
[Date "1997.05.17"]
[Round "2.13"]
[White "Downey, Glen"]
[Black "Long, Hugh"]
[Result "1-0"]
[WhiteElo "2045"]
[BlackElo "1735"]
[PlyCount "75"]
[GameId "2160767911965899"]
[EventDate "1997.05.16"]
[EventType "swiss"]
[EventRounds "7"]
[EventCountry "CAN"]

1. d4 Nf6 2. Nf3 g6 3. Bg5 Bg7 4. Nbd2 d5 5. c3 O-O 6. e3 Bg4 7. h3 Bxf3 8. Qxf3 Nbd7 9. Qd1 a6 10. b4 Re8 11. Be2 e5 12. O-O h6 13. Bh4 Qe7 14. Qb3 exd4 15. cxd4 g5 16. Bg3 c6 17. a4 Nh7 18. Bd3 b5 19. Rfc1 Rac8 20. axb5 axb5 21. Ra6 Nhf8 22. Rcxc6 Rxc6 23. Rxc6 Bxd4 24. exd4 Qe1+ 25. Nf1 Ne6 26. Qc3 Qxc3 27. Rxc3 Nxd4 28. Ne3 f5 29. Nxf5 Nxf5 30. Bxf5 Nf6 31. Rc8 Rxc8 32. Bxc8 Kf7 33. Ba6 d4 34. Bxb5 Nd5 35. Bc4 Ke6 36. Kf1 h5 37. Ke2 h4 38. Bh2 1-0

[Event "Paul Keres mem (22nd)"]
[Site "Vancouver CAN"]
[Date "1997.05.17"]
[Round "2.14"]
[White "Holubowicz, Kazimiercz"]
[Black "Harris, Philip"]
[Result "1-0"]
[WhiteElo "1764"]
[BlackElo "2006"]
[PlyCount "95"]
[GameId "2160767911965900"]
[EventDate "1997.05.16"]
[EventType "swiss"]
[EventRounds "7"]
[EventCountry "CAN"]

1. d4 Nf6 2. Nf3 b6 3. Bf4 e6 4. Nbd2 Bb7 5. e3 Be7 6. Bd3 d5 7. c3 Nbd7 8. Ne5 O-O 9. Qf3 c5 10. Qh3 Rc8 11. f3 Re8 12. g4 Nf8 13. g5 N6d7 14. Rg1 Nxe5 15. Bxe5 Bxg5 16. f4 Bf6 17. Bb5 Bc6 18. Bxc6 Rxc6 19. Nf3 Qe7 20. O-O-O b5 21. Rg2 b4 22. Rdg1 g6 23. Ng5 a5 24. Rg4 a4 25. Qh6 Bxe5 26. fxe5 f5 27. exf6 Qxf6 28. Rf4 Qg7 29. Qh3 Rc7 30. Rgf1 a3 31. Rf7 axb2+ 32. Kb1 Rxf7 33. Rxf7 Qh8 34. Qf3 h6 35. Rh7 Qxh7 36. Nxh7 Nxh7 37. cxb4 cxb4 38. Kxb2 Kg7 39. Qg3 Re7 40. Qd6 Kf7 41. Qxb4 Nf6 42. a4 Ng4 43. Qd2 Ra7 44. a5 h5 45. h3 Nxe3 46. Qxe3 Rxa5 47. Qf4+ Kg8 48. Qb8+ 1-0

[Event "Paul Keres mem (22nd)"]
[Site "Vancouver CAN"]
[Date "1997.05.17"]
[Round "2.15"]
[White "Neufeld, John"]
[Black "Slambor, Jiri"]
[Result "1-0"]
[WhiteElo "2005"]
[BlackElo "1811"]
[PlyCount "87"]
[GameId "2160767911965901"]
[EventDate "1997.05.16"]
[EventType "swiss"]
[EventRounds "7"]
[EventCountry "CAN"]

1. d4 d5 2. c4 e6 3. Nc3 Nf6 4. Nf3 c5 5. e3 a6 6. cxd5 Nxd5 7. Be2 Nc6 8. O-O b5 9. a3 Be7 10. Qc2 c4 11. Rd1 Na5 12. e4 Nb3 13. Rb1 Nxc3 14. Qxc3 Bb7 15. d5 Nxc1 16. Rbxc1 Bf6 17. e5 Bxd5 18. exf6 Qxf6 19. Qxf6 gxf6 20. Rc3 Ke7 21. Re3 Rad8 22. Nh4 Kd6 23. Bf3 Kc5 24. Kf1 h5 25. Ke2 a5 26. Bxd5 Rxd5 27. Rxd5+ Kxd5 28. Rg3 Rh7 29. Rg8 f5 30. Ra8 a4 31. Ke3 Rg7 32. g3 Rh7 33. Ra7 Rg7 34. Ng2 e5 35. f4 h4 36. Nxh4 exf4+ 37. Kxf4 Rg4+ 38. Kxf5 Rd4 39. Rxf7 Rd3 40. Rd7+ Kc5 41. Rxd3 cxd3 42. Nf3 b4 43. axb4+ Kxb4 44. Nd2 1-0

[Event "Paul Keres mem (22nd)"]
[Site "Vancouver CAN"]
[Date "1997.05.17"]
[Round "3.1"]
[White "Orlov, Georgi"]
[Black "Yoos, John"]
[Result "1/2-1/2"]
[WhiteElo "2598"]
[BlackElo "2414"]
[PlyCount "110"]
[GameId "2160767911965902"]
[EventDate "1997.05.16"]
[EventType "swiss"]
[EventRounds "7"]
[EventCountry "CAN"]

1. d4 Nf6 2. c4 g6 3. Nc3 Bg7 4. e4 d6 5. Nf3 O-O 6. Be2 e5 7. O-O Nc6 8. d5 Ne7 9. Ne1 Nd7 10. Be3 f5 11. f3 f4 12. Bf2 g5 13. a4 Ng6 14. a5 Kh8 15. Nb5 Nf6 16. Nxa7 g4 17. g3 gxf3 18. Bxf3 Bh3 19. Ng2 Bh6 20. a6 bxa6 21. Rxa6 Qd7 22. c5 fxg3 23. hxg3 Rg8 24. Qa4 Qg7 25. cxd6 cxd6 26. Nb5 Rxa6 27. Qxa6 Nh4 28. Nxh4 Be3 29. Qxd6 Qxg3+ 30. Kh1 Nh5 31. Ng6+ Rxg6 32. Bxg3 Nxg3+ 33. Kh2 Nxf1+ 34. Kxh3 Rxd6 35. Nxd6 Nd2 36. Bh5 Bc5 37. Nf7+ Kg7 38. d6 Nxe4 39. d7 Be7 40. Nxe5 Ng5+ 41. Kg4 Kf6 42. Nc6 Ne6 43. Kf3 Nd8 44. Na5 Ke6 45. Bg4+ Kd5 46. Ke3 Bb4 47. Nb3 Kc4 48. Nc1 Kd5 49. Kd3 Be7 50. Ne2 Nc6 51. Nc3+ Kd6 52. Ke4 Nb8 53. Nb5+ Kc6 54. Nd4+ Kc7 55. Nf5 Bf6 1/2-1/2

[Event "Paul Keres mem (22nd)"]
[Site "Vancouver CAN"]
[Date "1997.05.17"]
[Round "3.2"]
[White "Ross, Paul"]
[Black "Vetemaa, Juri"]
[Result "1-0"]
[WhiteElo "2327"]
[BlackElo "2532"]
[PlyCount "69"]
[GameId "2160767911965903"]
[EventDate "1997.05.16"]
[EventType "swiss"]
[EventRounds "7"]
[EventCountry "CAN"]

1. d4 Nf6 2. Nf3 g6 3. c4 Bg7 4. Nc3 O-O 5. e4 d6 6. Be2 Nbd7 7. O-O e5 8. Be3 Ng4 9. Bg5 f6 10. Bc1 Nh6 11. Re1 Nf7 12. Bf1 Bh6 13. Bxh6 Nxh6 14. Qd2 Nf7 15. b4 c6 16. c5 Qe7 17. dxe5 Ndxe5 18. Nxe5 dxe5 19. Qe3 Be6 20. Red1 Rfd8 21. h3 a5 22. b5 Rxd1 23. Rxd1 cxb5 24. Nd5 Bxd5 25. exd5 Qd7 26. Qb3 b4 27. Bc4 Kg7 28. a3 bxa3 29. c6 a4 30. cxb7 Rb8 31. Qxa3 Rxb7 32. d6 Rb6 33. Bxf7 Kxf7 34. Qc5 Rc6 35. Qxc6 1-0